MARC

LEADER 00000nam0a2200000 4500
001 355054
005 20231102010744.0
035 |a (RuTPU)RU\TPU\retro\12313 
090 |a 355054 
100 |a 20200630d1981 m y0rusy50 ca 
101 1 |a rus  |c eng 
102 |a RU 
105 |a a z 001zy 
200 1 |a Солнечный дом  |e пер. с англ.  |f П. Р. Сабади  |g под ред. Н. Б. Гладковой 
210 |a Москва  |c Стройиздат  |d 1981 
215 |a 113 с.  |c ил. 
320 |a Библиогр.: с. 109-110 
606 1 |a Жилые здания  |x Отопление  |x Регулирование  |2 stltpush  |3 (RuTPU)RU\TPU\subj\11023  |9 38010 
610 1 |a солнечное отопление 
610 1 |a энергетическая проблема 
610 1 |a источники электрической энергии 
610 1 |a солнечная энергия 
610 1 |a солнечная энергетика 
610 1 |a солнечные батареи 
610 1 |a проекты 
610 1 |a планировка 
675 |a 697.3  |v 4 
700 1 |a Сабади  |b П. Р. 
702 1 |a Гладкова  |b Н. Б.  |4 340 
801 1 |a RU  |b 63413507  |c 20200630 
801 2 |a RU  |b 63413507  |c 20211018  |g RCR 
942 |c BK